000 00642nam a2200229Ia 4500
001 287
005 20251203123024.0
008 251203t2006||||xx |||||||||||||| ||spa||
020 _a9972009858
041 _aESP
082 _a70.509
_bS25
110 _aGrupo Santillana
245 0 _a25 años de Santillana en el Perú
_b
250 _aPrimera edición
260 _aLima :
_bSantillana,
_c2006
300 _a195 páginas :
_b plegados, ilustraciones, fotografías ;
_c 27 cm.
_e
440 _a
_n
_v
650 _aGEN
653 _aPeriodismo; Medios de comunicación; Santillana - Historia
654 _aCTP
942 _cLIB
_dJUS
_fMAT
_2ddc
_n
999 _c287
_d287